Principles of Mercentile law (Record no. 691)

MARC details
000 -LEADER
fixed length control field 00387nam a22001577a 4500
005 - DATE AND TIME OF LATEST TRANSACTION
control field 20210316164013.0
008 - FIXED-LENGTH DATA ELEMENTS--GENERAL INFORMATION
fixed length control field 160513b xxu||||| |||| 00| 0 eng d
041 ## - LANGUAGE CODE
Language code of text/sound track or separate title eng
082 ## - DEWEY DECIMAL CLASSIFICATION NUMBER
Item number 1796
Classification number 346.07
100 ## - MAIN ENTRY--AUTHOR NAME
Personal name Bangia. R.K.
245 ## - TITLE STATEMENT
Title Principles of Mercentile law
260 ## - PUBLICATION, DISTRIBUTION, ETC. (IMPRINT)
Place of publication Faridabad
Name of publisher Allahabad law agency
Year of publication 2003
300 ## - PHYSICAL DESCRIPTION
Number of Pages 747
650 ## - SUBJECT ADDED ENTRY--TOPICAL TERM
Topical Term Management
942 ## - ADDED ENTRY ELEMENTS (KOHA)
Koha item type Books
Holdings
Lost status Damaged status Collection code Home library Current library Shelving location Date acquired Cost, normal purchase price Full call number Accession Number Koha item type
    LAW JRU Library JRU Library SHELF-31-B 13/05/2016 225.00 346.07 1796 Books
    LAW JRU Library JRU Library SHELF-31-B 13/05/2016 225.00 346.07 1797 Books
    LAW JRU Library JRU Library SHELF-31-B 13/05/2016 225.00 346.07 1798 Books
    LAW JRU Library JRU Library SHELF-31-B 13/05/2016 225.00 346.07 1799 Books
    LAW JRU Library JRU Library SHELF-31-B 13/05/2016 225.00 346.07 1800 Books